000 04783nab a2200373 i 4500
003 BR-BrBNA
005 20240108103906.0
008 240108b2022 bl.ar|pooa||| 00| 0 eng |
040 _aBR-BrBNA
_beng
072 _aF06
_b1123
072 _aF60
100 _aPinheiro, Francisco Wesley Alves
100 _aLima, Geovani Soares de
100 _aGheyi, Hans Raj
100 _aSoares, Lauriane Almeida dos Anjos
100 _aOliveira, Sabrina Gomes de
100 _aSilva, Francisco Alves da
245 _aGas exchange and yellow passion fruit production under irrigation strategies using brackish water and potassium
500 _aPublicação online; 31 ref.; 6 illus.; Summaries (En, Pt)
520 _a ABSTRACT - The occ urrence of water sources with high concentrations of salts is a common problem in the semi-arid region of north-eastern Brazil. The search for management strategies that can minimize the effect of salt stress on crops is therefore extremely important. As such, this study aimed to evaluate gas exchange and production in the yellow passion fruit ‘BRS GA1’as a function of irrigation strategies using brackish water and doses of potassium. The research was carried out under fi eld conditions in São Domingos, in the state of Paraíba, Brazil, using a randomized block design in a 6 × 2 factorial scheme, with treatments comprising six irrigation strategies using water (irrigat ion with low-salinity water throughout the cycle – WS; irrigation with high-salinity water during the vegetative stage – VE; during the fl owering stage – FL; the fruiting stage – FR; during successive vegetative/fl owering stages - VE/FL; successive vegetative/fruiting stages - VE/FR) and two doses of potassium (60% and 100% of the recommended dose of 345 g K2O per plant per year), with four replications and three plants per plot. Two levels of water salinity (1.3 and 4.0 dS m-1) were used during different phenological stages of the crop. Irrigation with water at 4.0 dS m-1 reduced the leaf water potential, leaf osmotic potential, stomatal conductance, transpiration, and rate of CO2 assimilation of the yellow passion fruit, regardless of the irrigation strategy. The continuous salt stress during the vegetative and fl owering stages compromised production in the yellow passion fruit. Key words: Salt stress. Photosynthesis. Fertilizing. Passiflora edulis Sims
520 _a RESUMO - A ocorrênci a de fontes hídricas com elevadas concentrações de sais é um problema frequente na região semiárida do Nordeste do Brasil. Assim, a busca por estratégias de manejo capazes de minimizar o efeito do estresse salino nas culturas é de extrema importância. Neste contexto, objetivou-se com este trabalho avaliar as trocas gasosas e a produção do maracujazeiro amarelo ‘BRS GA1’ em função das estratégias de irrigação com águas salobras e doses de potássio. A pesquisa foi desenvolvida sob condições de campo em São Domingos, PB, Brasil, utilizando-se o delineamento de blocos casualizados em esquema fatorial 6 × 2, sendo os tratamentos constituídos de seis estratégias de irrigação com águas salinas (SE - irrigação com água de baixa salinidade durante todo ciclo; irrigação com água de alta salinidade na fase vegetativa - VE; floração - FL; frutificação - FR; nas fases sucessivas vegetativa/fl oração - VE/FL; vegetativa/frutifi cação - VE/FR) e duas doses de potássio (60 e 100% (345 g de K2O por planta por ano) da recomendação, com quatro repetições e três plantas por parcela. Utilizaram-se dois níveis de salinidade da água (1,3 e 4,0 dS m-1), em diferentes fases fenológicas da cultura. A irrigação com água de 4,0 dS m-1 reduziu o potencial hídrico e osmótico foliar, a condutância estomática, a transpiração e a taxa de assimilação de CO2 do maracujazeiro-azedo, independentemente da estratégia de irrigação. O estresse salino nas fases vegetativa e de floração de forma contínua comprometeu a produção do maracujazeiro-azedo. Palavras-chave: Estresse salino. Fotossíntese. Adubação. Passiflora edulis Sims.
650 _aMARACUJÁ
650 _aSALINIDADE
650 _aSTRESS
650 _aADUBAÇÃO
650 _aPOTÁSSIO
650 _aIRRIGAÇÃO
650 _aTROCA GASOSA
650 _aFOTOSSÍNTESE
773 0 _04290
_9275632
_dFortaleza-CE Universidade Federal do Ceará. Centro de Ciências Agrárias 2002
_o2023-437432
_tRevista Ciência Agronômica (Brazil)
_x0045-6888; 1806-6690 (on-line)
_gv. 53 p. 1-11; (2022)
_wBR2023002217
856 _uhttps://www.scielo.br/j/rca/a/NNMNJFP8ZFVvYSvZ47d9pyq/?format=pdf&lang=en
942 _cAnalítica
999 _c298285
_d298285